000 01188nam a2200277 a 4500
001 47177
003 BD-RjUL
005 20211209054254.0
008 160807s1994 bg ||||| |||| 00| 0 eng d
020 _a9840601687
_c: Tk. 35.00
035 _a(BD-RjUL)47296
040 _aBD-RjUL
_beng
_cBD-RjUL
041 _aeng
082 _223
_a297.0954924
_bCHR 1994
100 1 _aচৌধুরী, মোহাম্মদ হাসান আলী
_9143660
245 1 0 _aরংপুরে ইসলাম /
_cমোহাম্মদ হাসান আলী চৌধুরী
260 _aঢাকা :
_bইসলামী ফাউন্ডেশন বাংলাদেশ ,
_c১৯৯৪
300 _a[১২], ১১৭ পৃ. :
_bচিত্র ;
_c২০ সেমি.
490 _aইফাবা গবেষণা ;
_v১৮
490 _aইফাবা প্রকাশনা ;
_v১৭৭৬
650 _aইসলাম
_9143661
_zরাজশাহী
650 _aIslam
_9143662
_zRajshahi
830 _aইফাবা গবেষণা ;
_v১৮
_9219098
830 _aইফাবা প্রকাশনা ;
_v১৭৭৬
_9219099
942 _2ddc
_cBK
999 _c47177
_d47177